| 000 | 00494cam a2200193ua 4500 | ||
|---|---|---|---|
| 020 | _c105.00 | ||
| 041 |
_aeng _h |
||
| 082 |
_a632.3 _bNAI/DI |
||
| 100 | _aNair, M C . | ||
| 245 |
_aDiseases of crop plants of Kerala / _cM C Nair. _hTextual Documents |
||
| 250 |
_a1 / _b. |
||
| 260 |
_aThrissur : _bKerala Agricultural University , _c1983. |
||
| 300 |
_a277 : _b506 ; . |
||
| 365 | _a105.00 | ||
| 504 | _a | ||
| 700 | 1 | _aMenon, M R . | |
| 942 | _cBK | ||
| 999 |
_c10566 _d10566 |
||